00464nam a2200169Ia 450000500170000000800410001702000150005808200130007310000150008624500170010126000370011830000130015565000100016894200060017895200950018499900150027920250704030322.0240331s9999 xx 000 0 und d a9559205005 bVITa920 aVitana,G.K 0aAdasiyapatha aPoddalabLahiru Publishersc1993 a211 p ., aStory cL 001040708LaWERCLbWERCLcSSCd2024-03-31l0o 920 VITp3423r2024-03-31w2024-03-31yL c5291d5291